000
00233nam a2200097Ia 4500
001
777102
005
20250826165900.0
008
250824s9999 xx 000 0 und d
245
0
_a
SPIRITUS
_c
AYNUR BAŞKAN
260
_b
PORTAKAL YAYINLARI
999
_c
777102
_d
777102